000 00985nam a22002537a 4500
999 _c65509
_d65509
005 20240530110828.0
008 190703s2019 ua b g b 000 0 ara d
017 _a2018/3368
_bمصر. دار الكتب
020 _a9789777357920
040 _aEG-CaGPL
_cEG-CaGPL
082 0 4 _221
_a257.2/
_bح م
100 0 _aحسنى عبدالسميع ابراهيم
245 1 0 _aموقف الفقهاء من ضمان الاموال فى الشريعة الاسلامية:
_bدراسة مقارنة /
_cحسنى عبدالسميع ابراهيم
260 _aالاسكندرية :
300 _a213 ص. :
_c24 سم.
650 0 7 _2qrmak
_aالشريعة الاسلامية
650 0 7 _2qrmak
_aالاموال فى القران
650 0 7 _2qrmak
_aالمعاملات
650 0 7 _2qrmak
_aالفقة الاسلامى
651 _2qrmak
653 0 _aضمان الاموال - الشريعة الاسلامية
942 _2ddc
_cBK